00355 2200157 4500001002100000005001500021035002000036245005300056100001800109250000600127300001200133260001800145082000800163084001400171990001200185INLIS00000000000254420250604123019 a0010-06250001301 aCinta, Ketulusan, dan Kesunyian /cKahlil Gibran0 aKahlil Gibran a1 a212 hlm bNavila,c2005 a800 a800 KAH c a0712327